Detalles MARC
| 000 -CABECERA |
| campo de control de longitud fija |
00906cam a2200265 a 4500 |
| 001 - NÚMERO DE CONTROL |
| campo de control |
000010107 |
| 005 - FECHA Y HORA DE LA ÚLTIMA TRANSACCIÓN |
| campo de control |
20200929161839.0 |
| 008 - DATOS DE LONGITUD FIJA--INFORMACIÓN GENERAL |
| campo de control de longitud fija |
940517s1990 sp 001 p spa d |
| 020 ## - NÚMERO INTERNACIONAL ESTÁNDAR DEL LIBRO |
| Número Internacional Estándar del Libro |
8420604739 |
| 035 ## - NÚMERO DE CONTROL DEL SISTEMA |
| Número de control de sistema |
(DLC) 94159466 |
| 035 ## - NÚMERO DE CONTROL DEL SISTEMA |
| Número de control de sistema |
(OCoLC)25979906 |
| 040 ## - FUENTE DE LA CATALOGACIÓN |
| Centro catalogador/agencia de origen |
DO-SdBNP |
| Centro/agencia transcriptor |
WyU |
| Centro/agencia modificador |
BNPHU |
| 082 ## - NÚMERO DE LA CLASIFICACIÓN DECIMAL DEWEY |
| Número de clasificación |
861.64 |
| Número de documento/Ítem |
H633a |
| 049 ## - FONDOS LOCALES (OCLC) |
| Fondos de biblioteca |
BNGR |
| 100 1# - ENTRADA PRINCIPAL--NOMBRE DE PERSONA |
| Nombre de persona |
Hierro, José, |
| Forma completa/desarrollada del nombre |
(José Hierro del Real), |
| Fechas asociadas al nombre |
1922-2002 |
| 9 (RLIN) |
25097 |
| 245 10 - MENCIÓN DE TÍTULO |
| Título |
Antología poética / |
| Mención de responsabilidad, etc. |
selección y prólogo de José Olivio Jiménez. |
| 260 ## - PUBLICACIÓN, DISTRIBUCIÓN, ETC. |
| Lugar de publicación, distribución, etc. |
Madrid : |
| Nombre del editor, distribuidor, etc. |
Alianza, |
| Fecha de publicación, distribución, etc. |
c1990. |
| 300 ## - DESCRIPCIÓN FÍSICA |
| Extensión |
183 p. ; |
| Dimensiones |
18 cm. |
| 490 1# - MENCIÓN DE SERIE |
| Mención de serie |
Libro de bolsillo |
| Designación de volumen o secuencia |
1473 |
| Mención de serie |
Literatura |
| 650 #4 - PUNTO DE ACCESO ADICIONAL DE MATERIA--TÉRMINO DE MATERIA |
| Término de materia o nombre geográfico como elemento de entrada |
Poesía española |
| Subdivisión de forma |
COLECCIONES |
| 9 (RLIN) |
9198 |
| 650 #4 - PUNTO DE ACCESO ADICIONAL DE MATERIA--TÉRMINO DE MATERIA |
| Término de materia o nombre geográfico como elemento de entrada |
Literatura española |
| Subdivisión cronológica |
SIGLO XX |
| Subdivisión de forma |
COLECCIONES |
| 9 (RLIN) |
25098 |
| 700 1# - PUNTO DE ACCESO ADICIONAL--NOMBRE DE PERSONA |
| Nombre de persona |
Jiménez, José Olivio, |
| Término indicativo de función/relación |
pról. |
| 9 (RLIN) |
24718 |
| 830 #0 - PUNTO DE ACCESO ADICIONAL DE SERIE-TÍTULO UNIFORME |
| Título uniforme |
Libro de bolsillo ; |
| Designación de volumen o secuencia |
1473, |
| Nombre de parte o sección de la obra |
Literatura |
| 9 (RLIN) |
9889 |
| 910 ## - DATOS DE OPCIÓN DEL USUARIO (OCLC) |
| Datos de opción del usuario |
Catalogación por copia / LC |